<?xml version="1.0" encoding="UTF-8"?>
<record
    xmlns:xsi="http://www.w3.org/2001/XMLSchema-instance"
    xsi:schemaLocation="http://www.loc.gov/MARC21/slim http://www.loc.gov/standards/marcxml/schema/MARC21slim.xsd"
    xmlns="http://www.loc.gov/MARC21/slim">

  <leader>01070nam a22002177a 4500</leader>
  <controlfield tag="001">8694</controlfield>
  <controlfield tag="003">FISKH</controlfield>
  <controlfield tag="005">20251010153329.0</controlfield>
  <controlfield tag="008">251010b        cb ||||| |||| 00| 0 eng d</controlfield>
  <datafield tag="020" ind1=" " ind2=" ">
    <subfield code="a">9780769659688</subfield>
  </datafield>
  <datafield tag="040" ind1=" " ind2=" ">
    <subfield code="a">FISKH</subfield>
    <subfield code="b">eng</subfield>
    <subfield code="c">FISKH</subfield>
    <subfield code="d">FISKH</subfield>
  </datafield>
  <datafield tag="082" ind1=" " ind2=" ">
    <subfield code="a">372.21</subfield>
  </datafield>
  <datafield tag="100" ind1=" " ind2=" ">
    <subfield code="a">Cherrington, Janelle </subfield>
  </datafield>
  <datafield tag="245" ind1=" " ind2=" ">
    <subfield code="a">I can color :</subfield>
    <subfield code="b">Big skills for little hands /</subfield>
  </datafield>
  <datafield tag="260" ind1=" " ind2=" ">
    <subfield code="a">Greensboro : </subfield>
    <subfield code="b">Brighter Child, </subfield>
    <subfield code="c">2009. </subfield>
  </datafield>
  <datafield tag="300" ind1=" " ind2=" ">
    <subfield code="a">79 pages : </subfield>
    <subfield code="b">color illustrations ; </subfield>
    <subfield code="c">28 cm</subfield>
  </datafield>
  <datafield tag="520" ind1=" " ind2=" ">
    <subfield code="a">Big Skills for Little Hands: I Can Color is an early learning workbook designed to develop fine motor control and pre-writing skills in young children. Through fun, age-appropriate coloring activities, children practice hand&#x2013;eye coordination, pencil grip, and color recognition &#x2014; essential foundations for later writing and drawing skills. The book supports early childhood education goals and is ideal for use at home or in preschool classrooms.</subfield>
  </datafield>
  <datafield tag="650" ind1=" " ind2=" ">
    <subfield code="a">Early Learning </subfield>
    <subfield code="v">Fine Motor Skills</subfield>
    <subfield code="x">Coloring Book</subfield>
    <subfield code="y">Preschool </subfield>
  </datafield>
  <datafield tag="942" ind1=" " ind2=" ">
    <subfield code="2">ddc</subfield>
    <subfield code="c">BK</subfield>
    <subfield code="n">0</subfield>
  </datafield>
  <datafield tag="999" ind1=" " ind2=" ">
    <subfield code="c">8694</subfield>
    <subfield code="d">8694</subfield>
  </datafield>
  <datafield tag="952" ind1=" " ind2=" ">
    <subfield code="0">0</subfield>
    <subfield code="1">0</subfield>
    <subfield code="2">ddc</subfield>
    <subfield code="4">0</subfield>
    <subfield code="7">0</subfield>
    <subfield code="8">REF</subfield>
    <subfield code="a">001</subfield>
    <subfield code="b">001</subfield>
    <subfield code="c">LSHTK</subfield>
    <subfield code="d">2025-10-10</subfield>
    <subfield code="l">0</subfield>
    <subfield code="o">CHE 372.21 PZ7 </subfield>
    <subfield code="p">2025-4541</subfield>
    <subfield code="r">2025-10-10 15:32:49</subfield>
    <subfield code="t">1</subfield>
    <subfield code="w">2025-10-10</subfield>
    <subfield code="y">BK</subfield>
  </datafield>
  <datafield tag="952" ind1=" " ind2=" ">
    <subfield code="0">0</subfield>
    <subfield code="1">0</subfield>
    <subfield code="2">ddc</subfield>
    <subfield code="4">0</subfield>
    <subfield code="7">0</subfield>
    <subfield code="8">REF</subfield>
    <subfield code="a">001</subfield>
    <subfield code="b">001</subfield>
    <subfield code="c">LSHTK</subfield>
    <subfield code="d">2025-10-10</subfield>
    <subfield code="l">0</subfield>
    <subfield code="o">CHE 372.21 PZ7 </subfield>
    <subfield code="p">2025-4542</subfield>
    <subfield code="r">2025-10-10 15:33:16</subfield>
    <subfield code="t">2</subfield>
    <subfield code="w">2025-10-10</subfield>
    <subfield code="y">BK</subfield>
  </datafield>
</record>
